00517nam a2200181Ia 450000500170000000800410001702000260005804000190008404100120010308200170011510000240013224500700015626000410022630000110026750400190027865000270029785000110032420240429142001.0131103s9999 xx 000 0 und d a8173915253cRs.950.00 aLoreto College aEnglish a371.33 bSHA aSharma, Yogendra K. aFundamental Aspects of Educational TechnologycYogendra K. Sharma aNew DelhibKanishka Publishersc2002 a454p.  aIncludes index aEducational technology aLCBED